[Event "Berlin Spandau op"]
[Site "Berlin"]
[Date "2019.12.30"]
[Round "7"]
[White "Vollbrecht, Lars"]
[Black "Johansson, Jukka"]
[Result "0-1"]
[WhiteElo "1883"]
[BlackElo "2081"]
[PlyCount "30"]
[EventDate "2019.12.27"]
[EventType "swiss"]
[EventRounds "7"]
[EventCountry "GER"]
[SourceTitle "CBM 194 Extra"]
[Source "ChessBase"]
[SourceDate "2020.03.31"]
[SourceVersion "1"]
[SourceVersionDate "2020.03.31"]
[SourceQuality "1"]

1. e4 c5 2. Nf3 d6 3. d4 cxd4 4. Nxd4 Nf6 5. Nc3 a6 6. Be2 e5 7. Nb3 Be7 8. 0-0 0-0 9. Be3 Be6 10. f4 exf4 11. Bxf4 Nc6 12. Nd5 Nxe4 13. Bf3 Bxd5 14. Qxd5 Qb6+ 15. Nd4 Nf6 0-1

[Event "Berlin Spandau op"]
[Site "Berlin"]
[Date "2019.12.27"]
[Round "2"]
[White "Vollbrecht, Lars"]
[Black "Balov, Darko"]
[Result "1/2-1/2"]
[WhiteElo "1883"]
[BlackElo "2094"]
[PlyCount "76"]
[EventDate "2019.12.27"]
[EventType "swiss"]
[EventRounds "7"]
[EventCountry "GER"]
[SourceTitle "CBM 194 Extra"]
[Source "ChessBase"]
[SourceDate "2020.03.31"]
[SourceVersion "1"]
[SourceVersionDate "2020.03.31"]
[SourceQuality "1"]

1. e4 c6 2. Nc3 d5 3. Nf3 Bg4 4. h3 Bxf3 5. Qxf3 e6 6. exd5 cxd5 7. Bb5+ Nc6 8. d4 Be7 9. 0-0 Nf6 10. Be3 0-0 11. Bxc6 bxc6 12. Qe2 Qa5 13. a3 Rfd8 14. Rfd1 Qc7 15. g3 Bd6 16. Kg2 a5 17. Na4 Ne4 18. c4 Rab8 19. c5 Bxg3 20. Qf3 Bh4 21. Bf4 Qe7 22. Bxb8 Rxb8 23. Qf4 Rb3 24. f3 g5 25. Qh2 Qf6 26. fxe4 Qf3+ 27. Kg1 Re3 28. Qg2 Qh5 29. Qf1 Rf3 30. Qa6 Rg3+ 31. Kh2 g4 32. Rd3 Rxh3+ 33. Rxh3 Bg3+ 34. Kxg3 Qxh3+ 35. Kf2 Qf3+ 36. Ke1 Qxe4+ 37. Qe2 Qh1+ 38. Qf1 Qe4+ 1/2-1/2

[Event "Berlin Lieb Memorial 3rd"]
[Site "Berlin"]
[Date "2017.05.11"]
[Round "1"]
[White "Grabs, Peter1111"]
[Black "Vollbrecht, Lars"]
[Result "0-1"]
[WhiteElo "1424"]
[BlackElo "1884"]
[PlyCount "50"]
[EventDate "2017.05.11"]
[EventType "swiss"]
[EventRounds "7"]
[EventCountry "GER"]
[SourceTitle "CBM 189 Extra"]
[Source "ChessBase"]
[SourceDate "2019.06.03"]
[SourceVersion "1"]
[SourceVersionDate "2019.06.03"]
[SourceQuality "1"]

1. e4 e5 2. Nf3 Nc6 3. Nc3 Bc5 4. Nxe5 Nxe5 5. d4 Bd6 6. dxe5 Bxe5 7. Bd2 d6 8. f4 Bd4 9. Qf3 Nf6 10. Qd3 Bb6 11. Na4 Bd7 12. Nxb6 axb6 13. h3 0-0 14. e5 Re8 15. Bc3 Nh5 16. g3 dxe5 17. fxe5 Be6 18. a3 Qxd3 19. Bxd3 Nxg3 20. Rg1 Nh5 21. 0-0-0 g6 22. Rg5 Nf4 23. h4 Red8 24. Be4 Ne2+ 25. Kb1 Rxd1# 0-1

[Event "Berlin Kreuzberg op"]
[Site "Berlin"]
[Date "2015.07.13"]
[Round "3"]
[White "Krefenstein, Sergej"]
[Black "Vollbrecht, Lars"]
[Result "1-0"]
[WhiteElo "2182"]
[BlackElo "1883"]
[PlyCount "35"]
[EventDate "2015.07.11"]
[EventType "swiss"]
[EventRounds "9"]
[EventCountry "GER"]
[SourceTitle "CBM 167 Extra"]
[Source "ChessBase"]
[SourceDate "2015.09.14"]
[SourceVersion "1"]
[SourceVersionDate "2015.09.14"]
[SourceQuality "1"]

1. g3 d5 2. Bg2 Nf6 3. Nf3 c6 4. 0-0 Bg4 5. Ne5 Bf5 6. d4 e6 7. c4 dxc4 8. Nc3 Be7 9. e4 Bg6 10. f4 Nfd7 11. Nxc4 h6 12. Be3 Nf6 13. Ne5 Bh7 14. d5 cxd5 15. exd5 exd5 16. Nxd5 Nbd7 17. Nxf6+ Nxf6 18. Qa4+ 1-0

[Event "Berlin Spring op-A"]
[Site "Berlin"]
[Date "2014.05.02"]
[Round "3"]
[White "Vollbrecht, Lars"]
[Black "Rockmann, Jan Okke"]
[Result "1/2-1/2"]
[WhiteElo "1876"]
[BlackElo "1850"]
[PlyCount "108"]
[EventDate "2014.05.01"]
[EventType "swiss"]
[EventRounds "7"]
[EventCountry "GER"]
[SourceTitle "CBM 160 Extra"]
[Source "ChessBase"]
[SourceDate "2014.07.01"]
[SourceVersion "1"]
[SourceVersionDate "2014.07.01"]
[SourceQuality "1"]

1. e4 e5 2. Bc4 Nf6 3. d3 Bc5 4. Nf3 Nc6 5. c3 0-0 6. 0-0 Bb6 7. Bb3 d6 8. h3 Ne7 9. Re1 Ng6 10. Be3 Bxe3 11. fxe3 Be6 12. Nbd2 Qd7 13. Ng5 Bxb3 14. axb3 h6 15. Ngf3 d5 16. Qc2 dxe4 17. Nxe4 Nxe4 18. dxe4 Qc6 19. Red1 Qb6 20. Kf2 Rad8 21. b4 Kh7 22. Ra5 f6 23. Rad5 Rxd5 24. Rxd5 Nf4 25. Rd7 Ne6 26. Qd3 a5 27. Qc4 axb4 28. cxb4 Rd8 29. Qd5 Rxd7 30. Qxd7 Qd6 31. Qc8 b6 32. h4 g6 33. Qe8 Ng7 34. Qf7 h5 35. b5 c6 36. bxc6 Qxc6 37. b3 Qe6 38. Qf8 b5 39. b4 Qa2+ 40. Kg3 Qa6 41. Kf2 Qe6 42. Qc5 Qd7 43. Qf8 Ne8 44. Ke1 Qe6 45. Qc5 Nd6 46. Qc7+ Nf7 47. Qc5 Qa6 48. Kf2 Kg7 49. Ke1 Qa1+ 50. Ke2 Qh1 51. Kf2 g5 52. hxg5 fxg5 53. Nxe5 Qh4+ 54. Kg1 Qe1+ 1/2-1/2

[Event "Berlin Lichtenberger op 7th"]
[Site "Berlin"]
[Date "2008.08.22"]
[Round "7"]
[White "Vollbrecht, Lars"]
[Black "Graudons, Karsten"]
[Result "0-1"]
[WhiteElo "1709"]
[BlackElo "1999"]
[PlyCount "64"]
[EventDate "2008.08.16"]
[EventType "swiss"]
[EventRounds "9"]
[EventCountry "GER"]
[SourceTitle "CBM 126 Extra"]
[Source "ChessBase"]
[SourceDate "2008.11.05"]
[SourceVersion "1"]
[SourceVersionDate "2008.11.05"]
[SourceQuality "1"]

1. e4 e5 2. Bc4 Nf6 3. d3 Nc6 4. Nf3 d5 5. exd5 Nxd5 6. h3 Bc5 7. 0-0 0-0 8. Bd2 Nb6 9. Bb3 a5 10. a3 a4 11. Ba2 Qf6 12. Nc3 Bf5 13. Nd5 Nxd5 14. Bxd5 Rfe8 15. Ng5 Bg6 16. Ne4 Bxe4 17. dxe4 Ne7 18. Ba2 Red8 19. Qe2 Qc6 20. Bg5 Rd4 21. Qf3 Rf8 22. Be3 Rd6 23. Bxc5 Qxc5 24. c3 Qb5 25. Rab1 Rd3 26. c4 Qd7 27. Qh5 Ng6 28. Rbd1 Rd8 29. Rxd3 Qxd3 30. Qg4 c5 31. Bb1 Qd2 32. f4 Nxf4 0-1

[Event "Berlin Lichtenberger op 7th"]
[Site "Berlin"]
[Date "2008.08.21"]
[Round "6"]
[White "Vollbrecht, Lars"]
[Black "Pichler, Klaus"]
[Result "1-0"]
[WhiteElo "1709"]
[BlackElo "1871"]
[PlyCount "45"]
[EventDate "2008.08.16"]
[EventType "swiss"]
[EventRounds "9"]
[EventCountry "GER"]
[SourceTitle "CBM 126 Extra"]
[Source "ChessBase"]
[SourceDate "2008.11.05"]
[SourceVersion "1"]
[SourceVersionDate "2008.11.05"]
[SourceQuality "1"]

1. e4 d5 2. exd5 Qxd5 3. Nc3 Qd6 4. Nf3 Nf6 5. h3 Bf5 6. Bc4 e6 7. d3 c6 8. 0-0 Be7 9. a3 h6 10. Qe2 Nbd7 11. Ne4 Qc7 12. Bd2 0-0 13. Rae1 a5 14. Ng3 Bh7 15. Bxe6 Rfe8 16. Bxd7 Nxd7 17. Qd1 Bf6 18. Qc1 Nc5 19. Rxe8+ Rxe8 20. Re1 Rd8 21. Nh5 Bxd3 22. Nxf6+ gxf6 23. b4 1-0

[Event "Berlin Lichtenberger op 7th"]
[Site "Berlin"]
[Date "2008.08.20"]
[Round "5"]
[White "Winter, Juergen"]
[Black "Vollbrecht, Lars"]
[Result "0-1"]
[WhiteElo "1416"]
[BlackElo "1709"]
[PlyCount "106"]
[EventDate "2008.08.16"]
[EventType "swiss"]
[EventRounds "9"]
[EventCountry "GER"]
[SourceTitle "CBM 126 Extra"]
[Source "ChessBase"]
[SourceDate "2008.11.05"]
[SourceVersion "1"]
[SourceVersionDate "2008.11.05"]
[SourceQuality "1"]

1. e4 e5 2. Nf3 d6 3. c3 Nf6 4. d3 Be7 5. Nbd2 0-0 6. d4 exd4 7. cxd4 c6 8. Bd3 Bg4 9. h3 Bh5 10. Be2 Nbd7 11. 0-0 Qb6 12. Nc4 Qc7 13. Qd3 Bg6 14. Ncd2 d5 15. Qe3 Nxe4 16. Nxe4 Bxe4 17. Nd2 Nf6 18. Nxe4 Nxe4 19. Bd3 f5 20. f4 Rae8 21. Bxe4 dxe4 22. Qb3+ Kh8 23. Be3 Bf6 24. Rac1 Qf7 25. Qc4 Qxc4 26. Rxc4 Rd8 27. Rd1 Rd5 28. b4 Rfd8 29. a4 h6 30. Rd2 R8d6 31. Kf2 g5 32. g3 Kh7 33. Ke2 Rd7 34. Bf2 gxf4 35. gxf4 Rg7 36. Ke3 Rg2 37. Rc5 Rh2 38. Rxd5 Rxh3+ 39. Ke2 cxd5 40. Rc2 Rh2 41. Ke3 Rh3+ 42. Ke2 Rd3 43. Rc7+ Kg6 44. Rxb7 Bxd4 45. Bxd4 Rxd4 46. Rb5 a6 47. Rb6+ Kh5 48. a5 Rc4 49. b5 Rc5 50. bxa6 Rxa5 51. Rd6 d4 52. Rxd4 Rxa6 53. Rd5 Kg4 0-1

[Event "Berlin Lichtenberger op 7th"]
[Site "Berlin"]
[Date "2008.08.19"]
[Round "4"]
[White "Vollbrecht, Lars"]
[Black "Petersen, Soren Boeck"]
[Result "0-1"]
[WhiteElo "1709"]
[BlackElo "2242"]
[PlyCount "62"]
[EventDate "2008.08.16"]
[EventType "swiss"]
[EventRounds "9"]
[EventCountry "GER"]
[SourceTitle "CBM 126 Extra"]
[Source "ChessBase"]
[SourceDate "2008.11.05"]
[SourceVersion "1"]
[SourceVersionDate "2008.11.05"]
[SourceQuality "1"]

1. e4 e6 2. d4 d5 3. Bd3 c5 4. exd5 exd5 5. Qe2+ Be7 6. dxc5 Nf6 7. Nf3 0-0 8. 0-0 Nc6 9. c3 Bxc5 10. Bg5 Bg4 11. h3 Re8 12. Qd1 Bh5 13. g4 Bg6 14. Bxg6 hxg6 15. Kg2 Qd6 16. Bxf6 gxf6 17. Nbd2 Bb6 18. Nc4 Qc5 19. Nxb6 Qxb6 20. Qd2 Rad8 21. Rfe1 Re4 22. Qc2 Rde8 23. Rad1 Qc7 24. Qd2 Qa5 25. a3 Qb6 26. Qc2 Qb5 27. Rxe4 dxe4 28. Nd4 Nxd4 29. Rxd4 e3 30. fxe3 Rxe3 31. c4 Qe5 0-1

[Event "Zehlendorf op"]
[Site "Berlin"]
[Date "2007.11.19"]
[Round "5"]
[White "Vollbrecht, Lars"]
[Black "Wenkheimer, Rolf"]
[Result "0-1"]
[WhiteElo "1734"]
[BlackElo "1654"]
[PlyCount "56"]
[EventDate "2007.10.11"]
[EventType "swiss"]
[EventRounds "7"]
[EventCountry "GER"]
[SourceTitle "EXT 2010"]
[Source "ChessBase"]
[SourceDate "2010.11.25"]
[SourceVersion "1"]
[SourceVersionDate "2010.11.25"]
[SourceQuality "1"]

1. e4 e5 2. Bc4 Nc6 3. Nf3 Bc5 4. d3 h6 5. c3 Nf6 6. 0-0 0-0 7. b4 Bb6 8. a4 a6 9. Be3 Bxe3 10. fxe3 d5 11. exd5 Nxd5 12. Qe1 Be6 13. Nbd2 Nxc3 14. Bxe6 fxe6 15. Nc4 Qxd3 16. Nb2 Ne2+ 17. Kh1 Qc2 18. Rf2 Qxb2 19. Rxe2 Qxb4 20. Qxb4 Nxb4 21. Rb2 a5 22. Nxe5 Rf5 23. Nf3 Raf8 24. Kg1 b6 25. Rd1 Rd5 26. Rf1 Rd3 27. Rc1 Ra3 28. Rxc7 Ra1+ 0-1

[Event "Zehlendorf op"]
[Site "Berlin"]
[Date "2007.11.08"]
[Round "4"]
[White "Steppan, Siegfried"]
[Black "Vollbrecht, Lars"]
[Result "1/2-1/2"]
[WhiteElo "1508"]
[BlackElo "1734"]
[PlyCount "32"]
[EventDate "2007.10.11"]
[EventType "swiss"]
[EventRounds "7"]
[EventCountry "GER"]
[SourceTitle "EXT 2010"]
[Source "ChessBase"]
[SourceDate "2010.11.25"]
[SourceVersion "1"]
[SourceVersionDate "2010.11.25"]
[SourceQuality "1"]

1. d4 d5 2. c4 c6 3. Nf3 Nf6 4. Nc3 dxc4 5. a4 Bf5 6. e3 e6 7. Bxc4 Be7 8. 0-0 Nbd7 9. h3 h6 10. Bd3 Bh7 11. Bxh7 Nxh7 12. Qc2 0-0 13. e4 Nhf6 14. Bf4 g5 15. Bh2 Ne8 16. Rad1 Qb6 1/2-1/2

[Event "Berlin Eckbauer op 09th"]
[Site "Berlin"]
[Date "2006.10.30"]
[Round "4"]
[White "Vollbrecht, Lars"]
[Black "Schoeffler, Helmut"]
[Result "0-1"]
[WhiteElo "1704"]
[BlackElo "2073"]
[PlyCount "78"]
[EventDate "2006.10.09"]
[EventType "swiss"]
[EventRounds "7"]
[EventCountry "GER"]
[SourceTitle "EXT 2022"]
[Source "ChessBase"]
[SourceDate "2021.10.06"]
[SourceVersion "1"]
[SourceVersionDate "2021.10.06"]
[SourceQuality "1"]

1. e4 c5 2. Nf3 d6 3. d4 cxd4 4. Nxd4 Nf6 5. Nc3 a6 6. Bg5 e6 7. Bc4 Be7 8. Qd2 b5 9. Bd3 Bb7 10. a3 Nbd7 11. f3 0-0 12. 0-0 d5 13. exd5 Bc5 14. Be3 Nxd5 15. Nxd5 Bxd5 16. Kh1 Qc7 17. Ne2 Bxe3 18. Qxe3 Qe5 19. Qxe5 Nxe5 20. Nf4 Bc4 21. Rfd1 Rad8 22. Be4 g5 23. Nh3 h6 24. Nf2 Be2 25. Re1 Rd2 26. Kg1 Rfd8 27. Bb7 Rxc2 28. Bxa6 Rxb2 29. a4 Rdd2 30. Ne4 Rdc2 31. Rec1 Rxc1+ 32. Rxc1 bxa4 33. Bxe2 Rxe2 34. Nc3 Rd2 35. Nxa4 Nd3 36. Rf1 Rc2 37. Rb1 Kg7 38. Kf1 Nf4 39. Rb2 Rc1+ 0-1

[Event "Berlin op 09"]
[Site "Berlin"]
[Date "2006.09.30"]
[Round "1"]
[White "Vollbrecht, Lars"]
[Black "Piepho, Niels"]
[Result "0-1"]
[WhiteElo "1707"]
[BlackElo "2218"]
[PlyCount "62"]
[EventDate "2006.09.30"]
[EventType "swiss"]
[EventRounds "9"]
[EventCountry "GER"]
[SourceTitle "EXT 2007"]
[Source "ChessBase"]
[SourceDate "2006.11.23"]
[SourceVersion "1"]
[SourceVersionDate "2006.11.23"]
[SourceQuality "1"]

1. e4 d6 2. Bc4 Nf6 3. d3 g6 4. Nc3 Bg7 5. Bd2 c6 6. h3 b5 7. Bb3 Nbd7 8. a3 Bb7 9. Nf3 a6 10. 0-0 0-0 11. Nh2 c5 12. Ng4 Nxg4 13. Qxg4 Ne5 14. Qe2 Nc6 15. Rab1 Nd4 16. Qd1 Nxb3 17. cxb3 e6 18. Qc1 Rc8 19. Ne2 d5 20. f3 Re8 21. Be3 d4 22. Bd2 f5 23. Bg5 Qd6 24. Qd2 c4 25. bxc4 bxc4 26. dxc4 fxe4 27. fxe4 Bxe4 28. Rbc1 d3 29. Be3 Qe5 30. Bd4 Qh5 31. Ng3 Bxd4+ 0-1